[Event "FICGS rapid M 000041 email"]
[Site "FICGS email"]
[Date "2011.02.12"]
[Round "1"]
[White "Burden, Donald"]
[Black "Nichols, Scott"]
[Result "1-0"]
[WhiteElo "2126"]
[BlackElo "2200"]
[PlyCount "81"]
[EventDate "2011.??.??"]
[EventType "tourn (rapid)"]
[EventRounds "6"]
[SourceTitle "Corr 2013"]
[Source "ChessBase"]
[SourceDate "2012.11.12"]
[SourceVersion "1"]
[SourceVersionDate "2012.11.12"]
[SourceQuality "1"]

1. e4 d6 2. d4 Nf6 3. Nc3 g6 4. f4 Bg7 5. Nf3 0-0 6. Bd3 Na6 7. 0-0 c5 8. d5 Bg4 9. Kh1 Rb8 10. h3 Bc8 11. Re1 Nh5 12. Kh2 Nf6 13. Nb5 Nc7 14. Nxa7 Bd7 15. c4 Ra8 16. Nb5 Nxb5 17. cxb5 e6 18. dxe6 Bxe6 19. a4 Qc7 20. Bd2 b6 21. Ng5 d5 22. e5 Nd7 23. Bc2 c4 24. Be3 Nc5 25. Nxe6 fxe6 26. Qg4 Rad8 27. Red1 Kh8 28. h4 Bh6 29. g3 Rg8 30. Kg2 Rde8 31. Rh1 Re7 32. Qe2 Ree8 33. Bd4 Bf8 34. Raf1 Qg7 35. Qf3 Rc8 36. h5 Ne4 37. Bxe4 dxe4 38. Qxe4 gxh5 39. Rf3 Bc5 40. Bxc5 Rxc5 41. Rxh5 1-0

[Event "FICGS rapid M 000027 email"]
[Site "FICGS email"]
[Date "2010.03.21"]
[Round "1"]
[White "Burden, Donald"]
[Black "Krakovsky, Peter"]
[Result "1/2-1/2"]
[WhiteElo "2101"]
[BlackElo "2200"]
[PlyCount "73"]
[EventDate "2010.??.??"]
[EventType "tourn (rapid)"]
[EventRounds "6"]
[SourceTitle "Corr 2013"]
[Source "ChessBase"]
[SourceDate "2012.11.12"]
[SourceVersion "1"]
[SourceVersionDate "2012.11.12"]
[SourceQuality "1"]

1. Nf3 Nf6 2. d4 g6 3. c4 Bg7 4. Nc3 0-0 5. e4 d6 6. Be2 e5 7. 0-0 Nc6 8. d5 Ne7 9. Be3 Ng4 10. Bg5 f5 11. exf5 gxf5 12. h3 Nh6 13. Bd2 Ng6 14. Ng5 Qe7 15. g3 e4 16. h4 Ne5 17. Qb3 Nhg4 18. c5 a6 19. Rac1 Re8 20. cxd6 Qxd6 21. Bxg4 Nxg4 22. Ne2 a5 23. Bf4 Be5 24. Bxe5 Rxe5 25. Nf4 e3 26. f3 Nf6 27. Rfe1 a4 28. Qc4 h6 29. Ngh3 Bd7 30. Qxc7 Ra6 31. a3 Nxd5 32. Nxd5 Rxd5 33. Nf4 Rd2 34. Rxe3 Qxc7 35. Rxc7 Rc6 36. Rxc6 Bxc6 37. b3 1/2-1/2

[Event "FICGS rapid M 000027 email"]
[Site "FICGS email"]
[Date "2010.03.21"]
[Round "1"]
[White "Burden, Donald"]
[Black "Wosch, Arkadiusz Janusz"]
[Result "1/2-1/2"]
[WhiteElo "2101"]
[BlackElo "2173"]
[PlyCount "92"]
[EventDate "2010.??.??"]
[EventType "tourn (rapid)"]
[EventRounds "6"]
[SourceTitle "Corr 2013"]
[Source "ChessBase"]
[SourceDate "2012.11.12"]
[SourceVersion "1"]
[SourceVersionDate "2012.11.12"]
[SourceQuality "1"]

1. Nf3 Nf6 2. g3 d5 3. Bg2 c6 4. 0-0 Bg4 5. d3 Nbd7 6. c4 e6 7. cxd5 exd5 8. Bf4 Be7 9. Nbd2 Qb6 10. h3 Bh5 11. Qc2 0-0 12. Nb3 a5 13. a4 Rfe8 14. Be3 Qc7 15. Bd2 Bxf3 16. Bxf3 h5 17. e3 Ne5 18. Be2 h4 19. g4 Ned7 20. Nd4 Nh7 21. Bf3 Bc5 22. Bc3 Ng5 23. Bg2 Ba7 24. b3 Bxd4 25. Bxd4 Nb8 26. Bc3 Na6 27. Qd2 Nc5 28. Rab1 Nd7 29. b4 axb4 30. Rxb4 Ne6 31. Rfb1 b6 32. g5 Nxg5 33. Rxh4 Qd8 34. Rg4 Ne6 35. Qc2 Ra7 36. Rg3 Qe7 37. Bf3 g6 38. Rg4 Kh7 39. h4 Rea8 40. Qd1 Kh6 41. Rc1 Ndc5 42. h5 g5 43. a5 bxa5 44. Bb2 f5 45. Rg3 Qe8 46. Ba3 Na6 1/2-1/2

[Event "FICGS rapid M 000027 email"]
[Site "FICGS email"]
[Date "2010.03.21"]
[Round "1"]
[White "Nichols, Scott"]
[Black "Burden, Donald"]
[Result "1/2-1/2"]
[WhiteElo "2200"]
[BlackElo "2101"]
[PlyCount "53"]
[EventDate "2010.??.??"]
[EventType "tourn (rapid)"]
[EventRounds "6"]
[SourceTitle "Corr 2013"]
[Source "ChessBase"]
[SourceDate "2012.11.12"]
[SourceVersion "1"]
[SourceVersionDate "2012.11.12"]
[SourceQuality "1"]

1. e4 c5 2. Nf3 d6 3. d4 cxd4 4. c3 dxc3 5. Nxc3 Nc6 6. Bc4 e6 7. 0-0 Be7 8. Qe2 Nf6 9. Rd1 e5 10. Be3 Bg4 11. h3 Bxf3 12. Qxf3 0-0 13. Rac1 Rc8 14. a3 a6 15. Qe2 b5 16. Ba2 Qd7 17. Qd3 Rc7 18. Nd5 Nxd5 19. Qxd5 Nd4 20. Bxd4 exd4 21. Qxd4 Bf6 22. Qb6 Rxc1 23. Rxc1 Bxb2 24. Rc7 Qd8 25. Qb7 Qa8 26. Qxa8 Rxa8 27. Rxf7 1/2-1/2

[Event "FICGS rapid M 000026 email"]
[Site "FICGS email"]
[Date "2010.03.02"]
[Round "1"]
[White "Boehme, Sebastian"]
[Black "Burden, Donald"]
[Result "0-1"]
[WhiteElo "2288"]
[BlackElo "2101"]
[PlyCount "26"]
[EventDate "2010.??.??"]
[EventType "tourn (rapid)"]
[EventRounds "6"]
[SourceTitle "Corr 2013"]
[Source "ChessBase"]
[SourceDate "2012.11.12"]
[SourceVersion "1"]
[SourceVersionDate "2012.11.12"]
[SourceQuality "1"]

1. e4 c5 2. Nf3 a6 3. c3 d6 4. d4 Qc7 5. Bd3 g6 6. 0-0 Bg7 7. Bf4 e5 8. Bg3 Ne7 9. dxe5 dxe5 10. Nbd2 0-0 11. Qe2 Nbc6 12. a4 Rd8 13. Bc4 Na5 0-1

[Event "FICGS rapid M 000026 email"]
[Site "FICGS email"]
[Date "2010.03.02"]
[Round "1"]
[White "Burden, Donald"]
[Black "Nichols, Scott"]
[Result "1/2-1/2"]
[WhiteElo "2101"]
[BlackElo "2200"]
[PlyCount "62"]
[EventDate "2010.??.??"]
[EventType "tourn (rapid)"]
[EventRounds "6"]
[SourceTitle "Corr 2013"]
[Source "ChessBase"]
[SourceDate "2012.11.12"]
[SourceVersion "1"]
[SourceVersionDate "2012.11.12"]
[SourceQuality "1"]

1. e4 d6 2. d4 Nf6 3. f3 h5 4. Be3 g6 5. Nc3 Bg7 6. Qd2 c6 7. Bd3 b5 8. Nge2 Nbd7 9. 0-0 Bb7 10. a4 b4 11. Na2 a5 12. c3 bxc3 13. Naxc3 0-0 14. Rab1 c5 15. Bb5 cxd4 16. Nxd4 Nc5 17. Nc6 Qc7 18. b4 Bxc6 19. bxc5 dxc5 20. Bf4 e5 21. Be3 Rfd8 22. Qf2 Rd4 23. Bxd4 exd4 24. Qg3 Qxg3 25. hxg3 dxc3 26. Bxc6 Rc8 27. Bb5 Bh6 28. Rfc1 Bxc1 29. Rxc1 Kf8 30. Rxc3 Ke7 31. Kf2 Nd7 1/2-1/2

[Event "FICGS rapid M 000026 email"]
[Site "FICGS email"]
[Date "2010.03.02"]
[Round "1"]
[White "Deline, Ralph"]
[Black "Burden, Donald"]
[Result "1/2-1/2"]
[WhiteElo "2142"]
[BlackElo "2101"]
[PlyCount "82"]
[EventDate "2010.??.??"]
[EventType "tourn (rapid)"]
[EventRounds "6"]
[SourceTitle "Corr 2013"]
[Source "ChessBase"]
[SourceDate "2012.11.12"]
[SourceVersion "1"]
[SourceVersionDate "2012.11.12"]
[SourceQuality "1"]

1. e4 c5 2. c3 Nf6 3. e5 Nd5 4. Nf3 e6 5. d4 cxd4 6. cxd4 b6 7. Bd3 Ba6 8. 0-0 Qc8 9. Ng5 Be7 10. Ne4 f5 11. exf6 Nxf6 12. Bg5 0-0 13. Nxf6+ Bxf6 14. Bxf6 Rxf6 15. d5 Bxd3 16. Qxd3 Na6 17. Nc3 Nc5 18. Qd4 Qf8 19. f4 Rf5 20. Rad1 a5 21. dxe6 dxe6 22. a3 a4 23. Qb4 h5 24. g3 h4 25. Rf2 Rd8 26. Qxb6 Rxd1+ 27. Nxd1 Rd5 28. Nc3 hxg3 29. hxg3 Rd3 30. Ne4 Nxe4 31. Qxe6+ Qf7 32. Qxe4 Rxg3+ 33. Rg2 Qa7+ 34. Kf1 Re3 35. Qd5+ Qf7 36. Rxg7+ Kxg7 37. Qd4+ Qf6 38. Qxe3 Qxb2 39. Qe7+ Kg6 40. Qe6+ Qf6 41. Qxf6+ Kxf6 1/2-1/2